Chartres

Gardado en:
Detalles Bibliográficos
Autor Principal: Monmarché, Georges (autor)
Formato: Libro
Idioma:francés
Publicado: París Alpina 1949
Series:<La >France Illustrée
Subjects:
Tags: Engadir etiqueta
Sen Etiquetas, Sexa o primeiro en etiquetar este rexistro!

MARC

LEADER 00000nam a2200000 a 4500
001 UCT3630
003 CL-VaPUC
008 961024e19490000FR |||||||||||||||||fre|d
082 0 4 |a 726.6  |b MON  |2 21 
100 |a Monmarché, Georges  |e autor  |9 441275 
245 1 0 |a Chartres 
300 |a 62 p 
942 |c BK 
945 |d 19961024 00:00:00  |a rleighto 
260 |a París  |b Alpina  |c 1949 
650 0 |a Arquitectura francesa   |9 345070 
650 7 |a CASTILLOS  |2 CL-VaPUC  |9 372557 
650 0 |a Monumentos históricos  |9 308710 
651 0 |a Francia  |9 255157 
583 |a last modification  |c 19961024 00:00:00  |k Rodrigo Vera 
490 0 |a <La >France Illustrée 
999 |c 253201  |d 253199 
952 |0 0  |1 0  |4 0  |6 726_600000000000000_MON_1949  |7 0  |8 P  |9 273857  |a BIBARQ  |b BIBARQ  |d 2019-11-19  |i 3245209  |o 726.6 MON 1949  |p 3245209  |r 2025-01-20  |w 2019-11-19  |y BK  |k ARQ